| 000 | 02452cas a2200637 i 4500 | ||
|---|---|---|---|
| 001 | 196927 | ||
| 003 | ES-MaACL | ||
| 005 | 20250806052103.0 | ||
| 007 | ta | ||
| 008 | 250214c19099999sp mr p 0uuub0mul | ||
| 010 |
_ac _b3 |
||
| 016 | 7 |
_abiseBNE19940004598 _2SpMaBN _zRECBI000602 |
|
| 017 |
_aB 17377-2013 _bOficina Depósito Legal Barcelona |
||
| 022 | 0 |
_a0001-7310 _2_j |
|
| 035 | _a00000602 | ||
| 035 | _a(OCoLC)60842658 | ||
| 035 | _a(SpMaBN)bise0000180208 | ||
| 035 | _a991054331079708606 | ||
| 037 | _bTravesera de Gracia, 17-21, 08021; tf. 932000711, fax 932091136; c.e.: suscripciones@doyma.es; p. web: www.doyma.es/ad | ||
| 040 |
_aSpMaBN _bspa _cSpMaBN _erdc |
||
| 041 | 0 | _beng | |
| 080 | _a616.972 | ||
| 080 | _a616.5 | ||
| 130 | 0 |
_aActas dermo-sifiliográficas (Ed. impresa) _9239616 |
|
| 210 | 0 |
_aActas dermo-sifiliogr. _bEd. imp. |
|
| 222 | 0 |
_aActas dermo-sifiliográficas _bEd. impresa |
|
| 245 | 1 | 0 |
_aActas dermo-sifiliográficas / _cpublicadas por la Sociedad de Dermatología y Sifiliografía. |
| 246 | 3 | _aActas dermosifiliográficas | |
| 260 |
_aMadrid : _bGarsi, _c1909- |
||
| 260 | 2 |
_3200u-2005 _aBarcelona : _bDoyma |
|
| 260 | 3 |
_32006- _aBarcelona : _bElsevier España |
|
| 300 |
_av. ; _c25 cm. |
||
| 310 | _a10 n. al año | ||
| 336 |
_2rdacontent _atexto |
||
| 337 |
_2rdamedia _asin mediación |
||
| 338 |
_2rdacarrier _avolumen |
||
| 362 | 0 | _aN. 1 (mayo 1909)- | |
| 510 |
_aCPPBAM, _c12 |
||
| 515 | _aA partir de <1990> cambia la denominación de año numérico por la de volumen | ||
| 530 | _aDisponible también en Internet con el mismo título desde 1996 | ||
| 530 | _aTambién ed. acumulativa desde 1998 en CD-ROM | ||
| 546 | _aResúmenes en inglés | ||
| 550 | _aAEDV | ||
| 597 | _aVariaciones en el formato | ||
| 650 | 7 |
_aEnfermedades de transmisión sexual _2embne _912260 |
|
| 650 | 4 |
_aDermatología _2embne _911784 |
|
| 655 | 7 |
_9226866 _aRevistas |
|
| 710 | 2 |
_aAcademia Española de Dermatología y Venereología _9239617 |
|
| 776 | 1 |
_tActas dermo-sifiliográficas (Internet) = _xISSN 1578-2190 _0196926 _w196926 |
|
| 852 |
_aES-MaACL _cDEPO1 _jHEM-143 _zMuerta _919 |
||
| 856 | 4 |
_uhttps://dialnet.unirioja.es/servlet/revista?codigo=15834 _ySumarios de la revista en Dialnet |
|
| 866 | _o(1924),(1947-1948) | ||
| 942 |
_2udc _n0 _cPERIODICA |
||
| 955 | _bPilar Fernández Vera | ||
| 999 |
_c196927 _d196927 |
||